Che : una biografía gráfica /

Na minha lista:
Detalhes bibliográficos
Autor principal: Rodríguez, Spain (autor)
Outros Autores: Seidman, Sarah (ensayo) (ensayo), Buhle, Paul (ensayo) (ensayo)
Formato: Livro
Idioma:espanhol
Publicado em: Madrid, España : Siglo XXI, 2008, c2008
Assuntos:
Tags: Adicionar Tag
Sem tags, seja o primeiro a adicionar uma tag!

MARC

LEADER 00000nam^a2200000^a^4500
001 000559607
005 20250521000000.0
009 20260310131844.971
020 |a 978-84-323-1368-4 
037 |a Acervo ITESO - Biblioteca 
041 |a GRA 
041 |a ESP 
082 |a 808. 83929  |b ROD 
100 |a Rodríguez, Spain  |e (autor) 
245 1 0 |a Che :  |b una biografía gráfica /  |c S. Rodríguez ; ensayo de S. Seidman, P. Buhle ; tr. por Enrique Sánchez Abulí. 
264 4 |a Madrid, España :  |b Siglo XXI,  |c 2008, c2008 
300 |a 105 p. 
336 |a texto  |b txt  |2 rdacontenido 
337 |a sin mediación  |b n  |2 rdamedio 
338 |a volumen  |b nc  |2 rdasoporte 
500 |a Traducción de: Che: A Graphic Biography 
546 |a Edición gráfica con texto en español 
649 |a XX 
650 |a Revolucionarios Argentinos -  |x Biografías 
650 |a Novela Gráfica -  |z EUA 
650 |a Historietas y Caricaturas de Temas Políticos y Sociales 
650 |a Historietas y Caricaturas Norteamericanas 
650 |a Literatura Norteamericana -  |y Siglo XXI 
650 |a Política -  |z Latinoamérica -  |x Historia 
650 |a Latinoamérica -  |x Historia -  |y 1950-1959 
650 |a Latinoamérica -  |x Historia -  |y Siglo XX 
650 |a Che Guevara -  |x Tema Principal 
700 |a Seidman, Sarah  |e (ensayo) 
700 |a Buhle, Paul  |e (ensayo) 
910 |a Fondo Castillo-Martínez 
920 |a Impresos - Libros 
930 |a Fondos Especiales 
940 |a Literatura 
905 |a 127 
901 |a 0500343715  |b IT2  |c ESP  |i D123686  |u 20250521 
902 |a https://opac.biblio.iteso.mx/vufind/Record/000559607